000 00422nam a2200157Ia 4500
003 OSt
005 20230605141032.0
008 211028s2011 xx 000 0 und d
040 _cAIMIT LIBRARY
041 _aeng
100 _aKumar, M Praveena; Srinivas, B L.
_98302
_e091926
110 _aSrinivas B L
_98303
245 _aPharmaceutical management software- iPharma.
260 _aMangalore
_c2011
942 _2ddc
_cPRO
999 _c219820
_d219820